Most Played Jackbox Games - Statistics

General Stats
  • This quiz has been taken 29 times
  • The average score is 11 of 16
Answer Stats
Rank Party Pack Game % Correct
8 Party Pack 7 Quiplash 3
92%
5 Party Pack 1 Fibbage
83%
2 Party Pack 4 Fibbage 3
83%
9 Party Pack 9 Fibbage 4
83%
15 Party Pack 6 Trivia Murder Party 2
83%
3 Party Pack 4 Survive the Internet
79%
1 Party Pack 8 Job Job
75%
12 Party Pack 3 Tee KO
75%
4 Party Pack 5 Mad Verse City
67%
6 Party Pack 6 Role Models
67%
11 Party Pack 7 Talking Points
67%
14 Party Pack 5 Split the Room
63%
10 Party Pack 6 Joke Boat
58%
7 Party Pack 5 Patently Stupid
58%
16 Party Pack 8 Wheel of Enormous Proportions
50%
13 Party Pack 1 Word Spud
50%
No matching quizzes found
Score Distribution
Percent of People with Each Score
Percentile by Number Answered
Your Score History
You have not taken this quiz